=LDR 00000nam 2200000 4500 =001 INLIS000000000010951 =005 20130612102546 =008 ***********************************Ind** =035 ##$$0010-061300000010951 =041 ##$$a Ind =082 ##$$a 678.62 =090 ##$$a 678.62, Rub-p =100 ##$$a Rubber S =245 ##$$a Penuntun Praktis untuk pemberatan barang - barang dari karet alam, Rubber s =260 ##$$a 19832 $b Jakarta =300 ##$$a lm, ilus., 21 cm =650 ##$$a karet alam =850 ##$$a NBPNMAT